000 00376 a2200109 4500
001 ART_8268
005 20260410161557.0
008 260409a
245 1 0 _aModificaciones propuestas a la medición de pasivos dentro del alcance de la NIC 37
100 1 _aSubelet, Carlos Javier
773 0 _tProfesional & Empresaria
_g- Año XII, Nº 129 (jun. 2010)
_wREV70
999 _c9324
_d9324